Modern algebra and trigonometry
The primary aim of this book is to provide a suitable foundation for modern courses in analytic geometry and calculus.
Enregistré dans:
| Auteur principal: | |
|---|---|
| Format: | Livre |
| Langue: | Undetermined |
| Publié: |
Reading, Massachusetts
Addison-Wesley
1973
|
| Sujets: | |
| Tags: |
Ajouter un tag
Pas de tags, Soyez le premier à ajouter un tag!
|
| Thư viện lưu trữ: | Trung tâm Học liệu Trường Đại học Cần Thơ |
|---|
| LEADER | 00635nam a2200193Ia 4500 | ||
|---|---|---|---|
| 001 | CTU_43898 | ||
| 008 | 210402s9999 xx 000 0 und d | ||
| 082 | |a 512.13 | ||
| 082 | |b V222 | ||
| 100 | |a Vance, Albridge P. | ||
| 245 | 0 | |a Modern algebra and trigonometry | |
| 245 | 0 | |c Albridge P Vance | |
| 260 | |a Reading, Massachusetts | ||
| 260 | |b Addison-Wesley | ||
| 260 | |c 1973 | ||
| 520 | |a The primary aim of this book is to provide a suitable foundation for modern courses in analytic geometry and calculus. | ||
| 650 | |a Algebra,Trigonometry | ||
| 904 | |i Minh, Hải | ||
| 980 | |a Trung tâm Học liệu Trường Đại học Cần Thơ | ||